Biblioteca y Centro de Documentación

El servicio público de empleo estatal (Registro nro. 47738)

Detalles MARC
000 -CABECERA
Longitud fija campo de control 00887naa a2200229 c 4500
001 - NÚMERO DE CONTROL
Número de control 47738
003 - IDENTIFICADOR DE NÚMERO DE CONTROL
Identificador del número de control ES-MaCES
005 - FECHA Y HORA DE LA ÚLTIMA TRANSACCIÓN
Fecha y hora de la última transacción 20160608101343.0
008 - CAMPO FIJO DE DESCRIPCIÓN FIJA--INFORMACIÓN GENERAL
Códigos de información de longitud fija   160608s2016 sp ||||| t||||||| ||spa d
040 ## - FUENTE DE CATALOGACIÓN
Centro catalogador de origen ES-MaCES
Lengua de catalogación spa
Centro transcriptor ES-MaCES
Centro modificado ES-MaCES
100 1# - ENCABEZAMIENTO PRINCIPAL--NOMBRE PERSONAL
9 (RLIN) 13963
Nombre de persona Gorelli Hernández, Juan
245 13 - MENCIÓN DE TÍTULO
Título El servicio público de empleo estatal
Mención de responsabilidad, etc. Juan Gorelli Hernández
650 #4 - ASIENTO SECUNDARIO DE MATERIA--TÉRMINO DE MATERIA
9 (RLIN) 28300
Término de materia o nombre geográfico como elemento inicial política de empleo
650 #4 - ASIENTO SECUNDARIO DE MATERIA--TÉRMINO DE MATERIA
9 (RLIN) 27230
Término de materia o nombre geográfico como elemento inicial servicios públicos
650 #4 - ASIENTO SECUNDARIO DE MATERIA--TÉRMINO DE MATERIA
9 (RLIN) 28311
Término de materia o nombre geográfico como elemento inicial servicio de empleo
650 #4 - ASIENTO SECUNDARIO DE MATERIA--TÉRMINO DE MATERIA
9 (RLIN) 28292
Término de materia o nombre geográfico como elemento inicial mercado de trabajo
650 #4 - ASIENTO SECUNDARIO DE MATERIA--TÉRMINO DE MATERIA
9 (RLIN) 27214
Término de materia o nombre geográfico como elemento inicial administración pública
653 10 - TÉRMINO DE INDEXACIÓN--NO CONTROLADO
Término no controlado Empleo
773 0# - ENTRADA DE DOCUMENTO FUENTE
Itemnumber del ítem fuente 84673
Lugar, editor y fecha de publicación Sevilla Consejo Andaluz de Relaciones Laborales [2016]
Otro identificador del documento 087574
Título La política y el Derecho del empleo en la nueva sociedad del trabajo
Número de control del registro relacionado (ES-MaCES)47679
Número Internacional Normalizado para Libros (ISBN) 9788460858188
Parte(s) relacionada(s) p.436-450 . - SG-2.1.-78
902 ## - CES. TIPO DE DOCUMENTO
Tipodoc (006$c Sirtex) ARL Artículo de libro
942 ## - ELEMENTOS KOHA
Fuente de clasificaión o esquema Clasificación propia del CES
Koha [por defecto] tipo de item Artículos (1982-2017)
Parte de clasificación Relaciones Laborales y Rel. Lab.- Empleo

No hay ítems disponibles.

© CES, Consejo Económico y Social de España 2021